Practice of public examining in Nigeria

Saved in:
Bibliographic Details
Main Author: AWORANTI, O. A.
Format: Book
Language:English
Published: ATMAN Publishers 2016
Tags: Add Tag
No Tags, Be the first to tag this record!

MARC

LEADER 00000nam a22000007a 4500
008 210414b ||||| |||| 00| 0 eng d
020 |a 978-978-953-662 
100 |a AWORANTI, O. A. 
245 |a Practice of public examining in Nigeria  |c O. A. Aworanti, A. O. U. Onuka, T. N. Kolo  |g xx, 332p.; ill 
260 |b ATMAN Publishers  |c  2016  |h Osogbo, Nigeria  |i 689351   |l LB3058 .N6Aw6   |m Educational tests and measurement – Nigeria.  |m Examinations – Nigeria 
500 |a “It includes index and references” 
942 |a lcc  |c BK  |e ADEKANYE, I. H.  |f 14/04/2021 
952 |0 0  |1 0  |2 lcc  |4 0  |6 LB3058 N6 A W6  |7 0  |9 2126  |a HOL  |b HOL  |c LP  |d 2021-04-14  |l 0  |o LB3058 .N6Aw6  |p 2021-5980  |r 2021-04-14 00:00:00  |w 2021-04-14  |y BK 
999 |c 1103  |d 1103